Asia General Knowledge - Extreme - Statistics

General Stats
  • This quiz has been taken 23 times
  • The average score is 50 of 70
Answer Stats
Question Tile Select % Correct
Countries with Arabic as an official language China No
100%
Countries that border 2 or 3 countries Japan No
100%
Countries with Arabic as an official language Japan No
100%
Countries with Arabic as an official language North Korea No
100%
Countries with Arabic as an official language Singapore No
100%
Countries that border 2 or 3 countries South Korea No
100%
Countries with Arabic as an official language Thailand No
100%
Countries with Arabic as an official language Vietnam No
100%
Capital cities of Asia Seoul Yes
95%
Countries with Arabic as an official language United Arab Emirates Yes
95%
Capital cities of Asia Athens No
90%
Countries that border 2 or 3 countries Bhutan Yes
90%
Countries that border 2 or 3 countries East Timor No
90%
Capital cities of Asia Kabul Yes
90%
Capital cities of Asia Kokbang No
90%
Countries that border 2 or 3 countries Nepal Yes
90%
Countries with Arabic as an official language Saudi Arabia Yes
90%
Capital cities of Asia Baghdad Yes
86%
Capital cities of Asia Cairo No
86%
Capital cities of Asia Hong Kong No
86%
Countries with Arabic as an official language Iraq Yes
86%
Countries with Arabic as an official language Kazakhstan No
86%
Capital cities of Asia Osaka No
86%
Capital cities of Asia Port Moresby No
86%
Countries that border 2 or 3 countries Qatar No
86%
Countries with Arabic as an official language Qatar Yes
86%
Countries that border 2 or 3 countries Singapore No
86%
Capital cities of Asia Singapore Yes
86%
Capital cities of Asia Tehran Yes
86%
Countries ruled by one party Marxist states China Yes
81%
Capital cities of Asia Mumbai No
81%
Countries that border 2 or 3 countries North Korea Yes
81%
Countries ruled by one party Marxist states Thailand No
81%
Countries with Arabic as an official language Lebanon Yes
76%
Countries with Arabic as an official language Oman Yes
76%
Countries that border 2 or 3 countries Vietnam Yes
76%
Countries that border 2 or 3 countries Bangladesh Yes
71%
Leaders of a Asian country Florin Cîțu No
71%
Countries with Arabic as an official language Israel No
71%
Capital cities of Asia Istanbul No
71%
Capital cities of Asia Malé Yes
71%
Countries that border 2 or 3 countries Yemen Yes
71%
Countries with Arabic as an official language Yemen Yes
71%
Capital cities of Asia Dili Yes
67%
Countries that border 2 or 3 countries Oman Yes
67%
Leaders of a Asian country Zuzana Čaputová No
67%
Capital cities of Asia Bishkek Yes
62%
Countries ruled by one party Marxist states Cambodia No
62%
Countries ruled by one party Marxist states Laos Yes
62%
Countries that border 2 or 3 countries Malaysia Yes
62%
Leaders of a Asian country Milo Đukanović No
62%
Countries ruled by one party Marxist states Myanmar No
62%
Countries that border 2 or 3 countries India No
57%
Leaders of a Asian country Marcelo Rebelo de Sousa No
57%
Countries that border 2 or 3 countries Afghanistan No
52%
Leaders of a Asian country Bah Ndaw No
52%
Countries that border 2 or 3 countries Iran No
52%
Countries with Arabic as an official language Iran No
52%
Leaders of a Asian country Nguyễn Phú Trọng Yes
52%
Countries ruled by one party Marxist states Vietnam Yes
52%
Leaders of a Asian country Mohamed Ould Ghazouani No
48%
Leaders of a Asian country Abdelaziz Djerad No
43%
Leaders of a Asian country King Mohammed VI No
43%
Leaders of a Asian country Hun Sen Yes
33%
Leaders of a Asian country Salome Zourabichvili Yes
29%
Leaders of a Asian country Gotabaya Rajapaksa Yes
24%
Leaders of a Asian country Luvsannamsrain Oyun-Erdene Yes
24%
Leaders of a Asian country Prayut Chan-o-cha Yes
24%
Leaders of a Asian country Lee Hsien Loong Yes
19%
Leaders of a Asian country Michel Aoun Yes
14%
No matching quizzes found
Score Distribution
Percent of People with Each Score
Percentile by Number Answered
Your Score History
You have not taken this quiz